La protección jurídico-penal de las víctimas de las formas contemporáneas de esclavitud... (Registro nro. 166372)

Detalles MARC
000 -LEADER
fixed length control field 01972nam a22002657a 4500
007 - PHYSICAL DESCRIPTION FIXED FIELD--GENERAL INFORMATION
fixed length control field cr|||| ||||
008 - FIXED-LENGTH DATA ELEMENTS--GENERAL INFORMATION
fixed length control field 180927s2017 es |||||s|||| 00||0 spa d
020 ## - INTERNATIONAL STANDARD BOOK NUMBER
International Standard Book Number 978-84-9961-263-8
035 ## -
-- 22037
040 ## - CATALOGING SOURCE
Original cataloging agency vLex
090 ## -
-- 8135
-- 8135
100 1# - MAIN ENTRY--PERSONAL NAME
Personal name Valverde Cano, Ana Belén
245 12 - TITLE STATEMENT
Title La protección jurídico-penal de las víctimas de las formas contemporáneas de esclavitud...
Medium [Recurso electrónico] /
Statement of responsibility, etc Ana Belén Valverde Cano
256 ## -
-- Servicio en línea
260 ## - PUBLICATION, DISTRIBUTION, ETC. (IMPRINT)
Place of publication, distribution, etc Madrid:
Name of publisher, distributor, etc Editorial Universitaria Ramón Areces,
Date of publication, distribution, etc 2017
300 ## - PHYSICAL DESCRIPTION
Extent 1 recurso electrónico
500 ## - GENERAL NOTE
General note A la luz del derecho internacional, europeo y nacional. Se establecerá, en primer lugar, el marco normativo de las formas contemporáneas de esclavitud y cómo se aplica por los Tribunales Internacionales. Una vez aclarados los conceptos de Derecho Internacional y tras haber detectado los problemas de aplicación de las definiciones en la jurisprudencia, es posible analizar críticamente los ordenamientos jurídicos nacionales a la luz de la normativa internacional. En este caso, se efectúan el análisis de la regulación española sobre las formas contemporáneas de esclavitud para saber si se adecúa al Derecho Internacional y protege adecuadamente a las víctimas o si, por el contrario, España está incumpliendo alguna obligación internacional.
506 1# - RESTRICTIONS ON ACCESS NOTE
Terms governing access Disponible solo en los productos indicados
Authorized users vLex Global
-- vLex Global (Academic Edition, excluding Law Schools)
-- vLex Global (U.S. Academic Edition, Law Schools)
-- vLex Global (U.S. Academic Edition, excluding Law Schools)
-- vLex Global (Academic Edition, Law Schools)
650 04 - SUBJECT ADDED ENTRY--TOPICAL TERM
Topical term or geographic name as entry element Derecho Penal
Geographic subdivision España
650 04 - SUBJECT ADDED ENTRY--TOPICAL TERM
Topical term or geographic name as entry element Derecho Internacional
Geographic subdivision España
740 0# -
-- vLex Libros (Servicio en línea)
856 40 - LOCALIZACIÓN Y ACCESO ELECTRÓNICO
Identificador Uniforme del Recurso (URI/URL) https://app.vlex.com/#/sources/proteccion-juridico-penal-de-las-victimas-de-las-formas-contemporaneas-de-esclavitud-22037
942 ## -
-- RAA
999 ## -
-- 166372
-- 166372

No hay ítems disponibles.


CONTACTO


NOSOTROS


SITIOS DE INTERES

coordinacion.biblioteca.biblioteca@unienlinea.mx Misión, Visión y Objetivos Bases de datos
Directorio Bibliotecas Digitales y Repositorios
Normatividad Revistas y artículos
Convenios interbibliotecarios
Boletines



Hecho en México. Universidad Insurgentes (UIN). Todos los derechos reservados 2024. Esta página y sus contenidos pueden ser reproducidos con fines no lucrativos, siempre y cuando no se mutile, se cite la fuente completa y su dirección electrónicas. De otra forma requiere permiso previo por escrito de la institución




2024 Copyright Universidad Insurgentes | www.bibliouin.com.mx